The complete book of bone health / (Record no. 438)

000 -LEADER
fixed length control field 01206cam a22003614a 4500
001 - CONTROL NUMBER
control field 16615704
003 - CONTROL NUMBER IDENTIFIER
control field OSt
005 - DATE AND TIME OF LATEST TRANSACTION
control field 20210420053545.0
008 - FIXED-LENGTH DATA ELEMENTS--GENERAL INFORMATION
fixed length control field 110119s2011 nyua b 001 0 eng
010 ## - LIBRARY OF CONGRESS CONTROL NUMBER
LC control number 2010054577
020 ## - INTERNATIONAL STANDARD BOOK NUMBER
International Standard Book Number 9781616144357 (pbk.)
040 ## - CATALOGING SOURCE
Original cataloging agency DLC
Transcribing agency DLC
Modifying agency DLC
042 ## - AUTHENTICATION CODE
Authentication code pcc
050 00 - LIBRARY OF CONGRESS CALL NUMBER
Classification number QM101
Item number .S348 2011
080 ## - UNIVERSAL DECIMAL CLASSIFICATION NUMBER
Universal Decimal Classification number 617.3
Item number S-35
082 00 - DEWEY DECIMAL CLASSIFICATION NUMBER
Classification number 612.7/5
Edition number 22
100 1# - MAIN ENTRY--PERSONAL NAME
Personal name Schneider, Diane L.,
Dates associated with a name 1953-
245 14 - TITLE STATEMENT
Title The complete book of bone health /
Statement of responsibility, etc. Diane L. Schneider ; foreword by Sally Ride.
260 ## - PUBLICATION, DISTRIBUTION, ETC.
Place of publication, distribution, etc. Amherst, N.Y. :
Name of publisher, distributor, etc. Prometheus Books,
Date of publication, distribution, etc. 2011.
300 ## - PHYSICAL DESCRIPTION
Extent 491 p. :
Other physical details ill. ;
Dimensions 23 cm.
504 ## - BIBLIOGRAPHY, ETC. NOTE
Bibliography, etc. note Includes bibliographical references (p. 441-479) and index.
650 #0 - SUBJECT ADDED ENTRY--TOPICAL TERM
Topical term or geographic name entry element Bones.
650 #0 - SUBJECT ADDED ENTRY--TOPICAL TERM
Topical term or geographic name entry element Bones
General subdivision Growth.
650 #0 - SUBJECT ADDED ENTRY--TOPICAL TERM
Topical term or geographic name entry element Osteoporosis
General subdivision Prevention.
650 #0 - SUBJECT ADDED ENTRY--TOPICAL TERM
Topical term or geographic name entry element Osteoporosis
General subdivision Treatment.
653 ## - INDEX TERM--UNCONTROLLED
Uncontrolled term რევმატოლოგია
653 ## - INDEX TERM--UNCONTROLLED
Uncontrolled term ოსტეოპოროზი
653 ## - INDEX TERM--UNCONTROLLED
Uncontrolled term ძვლები
700 ## - ADDED ENTRY--PERSONAL NAME
9 (RLIN) 345
Personal name Shneider,L.Dianel
906 ## - LOCAL DATA ELEMENT F, LDF (RLIN)
a 7
b cbc
c orignew
d 1
e ecip
f 20
g y-gencatlg
942 ## - ADDED ENTRY ELEMENTS (KOHA)
Source of classification or shelving scheme
Koha item type Books
Holdings
Withdrawn status Lost status Source of classification or shelving scheme Damaged status Not for loan Permanent location Current location Date acquired Inventory number Total Checkouts Full call number Barcode Date last seen Price effective from Koha item type
          Ken Walker International University Ken Walker International University 11/26/2020 110   617.3 S-35 110 11/26/2020 11/26/2020 Books

Powered by Koha